[Event "Moscow op2"]
[Site "Moscow"]
[Date "1995.??.??"]
[Round "3"]
[White "Muratov, Vladimir A"]
[Black "Koshil, Tikhon Stepanovich"]
[Result "1-0"]
[WhiteElo "2395"]
[BlackElo "2505"]
[PlyCount "99"]
[EventDate "1995.11.??"]
[EventType "swiss"]
[EventRounds "9"]
[EventCountry "RUS"]
[SourceTitle "EXT 1998"]
[Source "ChessBase"]
[SourceDate "1997.11.17"]
[SourceVersion "1"]
[SourceVersionDate "1997.11.17"]
[SourceQuality "1"]

1. d4 g6 2. e4 Bg7 3. Nc3 d6 4. h4 h6 5. Be3 Nd7 6. Nge2 e6 7. Qd2 b6 8. 0-0-0 Bb7 9. Kb1 Ne7 10. g4 a6 11. f3 Nf8 12. Bg2 Qd7 13. Ng3 0-0-0 14. g5 h5 15. d5 Kb8 16. Bh3 Qe8 17. Rhe1 e5 18. Bg1 Nd7 19. Nf1 Nc8 20. Ne2 Rf8 21. Be3 Qe7 22. c4 f6 23. Nh2 a5 24. Nc1 Qe8 25. b3 Ne7 26. a3 f5 27. b4 axb4 28. axb4 Nc8 29. Ne2 Rf7 30. Rc1 c5 31. dxc6 Bxc6 32. Nc3 Nf8 33. Nd5 Bxd5 34. cxd5 Qa4 35. Kb2 Rb7 36. Ra1 Qe8 37. Bf1 fxe4 38. fxe4 Nd7 39. Bb5 Na7 40. Bc6 Rc7 41. b5 Nxc6 42. bxc6 Nc5 43. Bxc5 dxc5 44. Kc1 Rf7 45. Qb2 Kc7 46. Ra7+ Kd6 47. Qxb6 Rb8 48. Rb7 Rfxb7 49. cxb7+ Ke7 50. Qe6+ 1-0

[Event "Moscow-ch op"]
[Site "Moscow"]
[Date "1995.??.??"]
[Round "6"]
[White "Muratov, Vladimir A"]
[Black "Shipov, Sergei"]
[Result "0-1"]
[WhiteElo "2395"]
[BlackElo "2510"]
[PlyCount "44"]
[EventDate "1995.??.??"]
[EventType "swiss"]
[EventRounds "11"]
[EventCountry "RUS"]
[SourceTitle "EXT 1997"]
[Source "ChessBase"]
[SourceDate "1996.11.15"]
[SourceVersion "1"]
[SourceVersionDate "1996.11.15"]
[SourceQuality "1"]

1. e4 c5 2. Nf3 d6 3. d4 cxd4 4. Nxd4 Nf6 5. Nc3 a6 6. g3 e6 7. Bg2 Qc7 8. 0-0 Be7 9. Re1 0-0 10. a4 Nc6 11. Nxc6 bxc6 12. b3 Bb7 13. Ba3 Nd7 14. Qd2 c5 15. Rad1 Rad8 16. Ne2 Ne5 17. Bb2 Nc6 18. Qc1 Rfe8 19. Bc3 Bf8 20. Nf4 Rc8 21. Re2 Red8 22. Qd2 Re8 0-1

[Event "Moscow-ch op"]
[Site "Moscow"]
[Date "1995.??.??"]
[Round "10"]
[White "Muratov, Vladimir A"]
[Black "Umanskaya, Irina"]
[Result "1-0"]
[WhiteElo "2395"]
[BlackElo "2300"]
[PlyCount "129"]
[EventDate "1995.??.??"]
[EventType "swiss"]
[EventRounds "11"]
[EventCountry "RUS"]
[SourceTitle "EXT 1997"]
[Source "ChessBase"]
[SourceDate "1996.11.15"]
[SourceVersion "1"]
[SourceVersionDate "1996.11.15"]
[SourceQuality "1"]

1. d4 Nf6 2. Nc3 d5 3. Bg5 Nbd7 4. Nf3 c6 5. e3 g6 6. Bd3 Bg7 7. 0-0 0-0 8. h3 Ne8 9. e4 dxe4 10. Nxe4 Nef6 11. Nxf6+ Nxf6 12. Qd2 Qb6 13. c3 c5 14. Be3 cxd4 15. Bxd4 Qc7 16. Rfe1 b6 17. Qe2 e6 18. Be5 Qe7 19. Rad1 Bb7 20. Nd4 a6 21. Qc2 Nd5 22. Bxg7 Kxg7 23. Be4 Nf6 24. Bxb7 Qxb7 25. Rd3 Rfe8 26. Qd2 h6 27. Qf4 Qb8 28. Re5 Nd7 29. Nxe6+ Rxe6 30. Rxd7 Qe8 31. Rxe6 Qxe6 32. Rd6 Qe1+ 33. Kh2 b5 34. Qd4+ Kh7 35. Qf6 Kg8 36. Qd4 Kh7 37. g3 Qe2 38. Qf4 Rf8 39. Qd2 Re8 40. Qf4 Rf8 41. Rd2 Qe1 42. Kg2 Qe6 43. a3 Qc6+ 44. Qf3 Qe6 45. Qd5 Re8 46. Qxe6 Rxe6 47. Kf3 h5 48. Re2 Rd6 49. Ke3 g5 50. Rc2 Re6+ 51. Kd4 f5 52. b3 h4 53. c4 hxg3 54. fxg3 bxc4 55. bxc4 f4 56. gxf4 gxf4 57. c5 f3 58. Rf2 Rf6 59. Ke4 Rc6 60. Kd5 Rf6 61. c6 Rf5+ 62. Kd6 Rf6+ 63. Kd7 Rf4 64. c7 Rd4+ 65. Kc6 1-0

[Event "Moscow-ch"]
[Site "Moscow"]
[Date "1992.??.??"]
[Round "?"]
[White "Muratov, Vladimir A"]
[Black "Barskij, Vladimir"]
[Result "1/2-1/2"]
[WhiteElo "2410"]
[BlackElo "2325"]
[PlyCount "131"]
[EventDate "1992.??.??"]
[EventType "swiss"]
[EventRounds "9"]
[EventCountry "RUS"]
[SourceTitle "EXT 1997"]
[Source "ChessBase"]
[SourceDate "1996.11.15"]
[SourceVersion "1"]
[SourceVersionDate "1996.11.15"]
[SourceQuality "1"]

1. d4 Nf6 2. Nc3 d5 3. Bg5 Nbd7 4. Nf3 e6 5. e3 Be7 6. Bd3 0-0 7. 0-0 b6 8. e4 dxe4 9. Nxe4 Bb7 10. Qe2 Nd5 11. Rad1 Bxg5 12. Nexg5 h6 13. Nh3 Nb4 14. Bc4 Qf6 15. Ne5 Rfd8 16. f4 Nd5 17. Ng4 Qg6 18. Bd3 f5 19. Ne5 Nxe5 20. fxe5 Qg4 21. Qxg4 fxg4 22. Nf4 Ne3 23. Nxe6 Rd7 24. Rfe1 Nxd1 25. Rxd1 c5 26. c3 cxd4 27. cxd4 Bd5 28. Nf4 Bxa2 29. Bb5 Rf7 30. g3 g5 31. Ne2 Bb3 32. Rd2 Rd8 33. Nc3 Re7 34. Ne4 Kg7 35. Kf2 Rc7 36. Nc3 Rf7+ 37. Ke1 Re7 38. Be2 h5 39. Ne4 Kh6 40. Nf6 Be6 41. Ne4 Red7 42. Nd6 Rxd6 43. exd6 Rxd6 44. Kf2 a5 45. Ke3 Bd5 46. Rc2 Re6+ 47. Kd2 Rc6 48. Rc3 Rxc3 49. bxc3 Kg6 50. Bb5 Bf7 51. Kd3 Kf5 52. c4 Ke6 53. Kc3 Kd6 54. Ba4 Bg6 55. Bb3 Be8 56. Bc2 b5 57. c5+ Kd5 58. Bb3+ Kc6 59. Be6 Bg6 60. Bg8 Be8 61. Bh7 b4+ 62. Kc2 Kd5 63. Kd3 Bb5+ 64. Ke3 a4 65. Be4+ Ke6 66. Bd3 1/2-1/2

[Event "Russian Winter op"]
[Site "Moscow"]
[Date "1991.??.??"]
[Round "?"]
[White "Muratov, Vladimir A"]
[Black "Beshukov, Sergei"]
[Result "1-0"]
[WhiteElo "2410"]
[BlackElo "2305"]
[PlyCount "65"]
[EventDate "1991.??.??"]
[EventType "swiss"]
[EventRounds "9"]
[EventCountry "URS"]
[SourceTitle "TD"]
[Source "ChessBase"]
[SourceDate "1994.03.01"]
[SourceVersion "1"]
[SourceVersionDate "1994.03.01"]
[SourceQuality "1"]

1. d4 f5 2. Nc3 Nf6 3. Bg5 d5 4. e3 e6 5. g4 fxg4 6. h3 g3 7. fxg3 Bd6 8. Nge2 c6 9. e4 e5 10. exd5 0-0 11. Bg2 Qe8 12. dxe5 Bxe5 13. 0-0 Qg6 14. Bf4 Bxf4 15. Rxf4 Rd8 16. Rd4 Bf5 17. Rc1 c5 18. Rf4 Nc6 19. Qf1 Ne7 20. Qf2 Nd7 21. d6 Qxd6 22. Rxf5 Nxf5 23. Qxf5 Nf6 24. Kh2 Qe7 25. Ng1 Qe3 26. Rf1 Rab8 27. Nf3 c4 28. Ne5 Re8 29. Ne4 Nxe4 30. Bxe4 Qe2+ 31. Kg1 Qe3+ 32. Kg2 Qd2+ 33. Kh1 1-0

[Event "Russian Winter op"]
[Site "Moscow"]
[Date "1991.??.??"]
[Round "?"]
[White "Muratov, Vladimir A"]
[Black "Maljutin, Evgeni"]
[Result "1-0"]
[WhiteElo "2410"]
[BlackElo "2385"]
[PlyCount "107"]
[EventDate "1991.??.??"]
[EventType "swiss"]
[EventRounds "9"]
[EventCountry "URS"]
[SourceTitle "TD"]
[Source "ChessBase"]
[SourceDate "1994.03.01"]
[SourceVersion "1"]
[SourceVersionDate "1994.03.01"]
[SourceQuality "1"]

1. d4 d5 2. Nc3 Nf6 3. Bg5 Nbd7 4. Nf3 h6 5. Bh4 c5 6. e3 e6 7. Bb5 cxd4 8. Qxd4 Be7 9. 0-0-0 0-0 10. e4 Nxe4 11. Bxe7 Qxe7 12. Nxe4 dxe4 13. Qxe4 Nc5 14. Qe3 a6 15. Be2 b5 16. Rd4 Bb7 17. Rhd1 b4 18. Ne5 a5 19. Rd7 Nxd7 20. Rxd7 Qh4 21. Rxb7 Qxh2 22. Rxf7 Rxf7 23. Nxf7 Rf8 24. Ne5 Qxg2 25. f4 h5 26. Nd7 Qh1+ 27. Bd1 Re8 28. Qg3 Rd8 29. Qg6 Kh8 30. Qxe6 Qf1 31. Qe5 h4 32. Qg5 Rxd7 33. Qh5+ Kg8 34. Qe8+ Kh7 35. Qxd7 Qxf4+ 36. Qd2 Qe5 37. c3 bxc3 38. Bc2+ g6 39. bxc3 Qe6 40. Qd8 h3 41. Qxa5 Kh6 42. Qd8 Kh5 43. Bd1+ Kh6 44. a4 Kg7 45. a5 Qe3+ 46. Qd2 Qg3 47. Bb3 h2 48. Bd5 Qg1+ 49. Qd1 g5 50. Kc2 g4 51. Qd4+ Kg6 52. Be4+ Kg5 53. a6 Qa1 54. Qe5+ 1-0

[Event "Moscow6"]
[Site "Moscow"]
[Date "1991.??.??"]
[Round "?"]
[White "Muratov, Vladimir A"]
[Black "Reprintsev, Alexander"]
[Result "1/2-1/2"]
[WhiteElo "2415"]
[BlackElo "2325"]
[PlyCount "122"]
[EventDate "1991.??.??"]
[EventType "swiss"]
[EventRounds "9"]
[EventCountry "URS"]
[SourceTitle "TD"]
[Source "ChessBase"]
[SourceDate "1994.03.01"]
[SourceVersion "1"]
[SourceVersionDate "1994.03.01"]
[SourceQuality "1"]

1. d4 d5 2. Nc3 Nf6 3. Bg5 g6 4. Qd2 Bg7 5. Bh6 Bxh6 6. Qxh6 Qd6 7. Nf3 Nc6 8. e3 Bf5 9. 0-0-0 0-0-0 10. h3 e5 11. Bb5 exd4 12. exd4 Ne4 13. Bxc6 Qxc6 14. Ne5 Qa6 15. Nxe4 dxe4 16. Kb1 Be6 17. b3 Rd6 18. Rd2 Rhd8 19. Rhd1 Qa3 20. Qe3 Ra6 21. c4 f6 22. d5 Bg8 23. Ng4 h5 24. Nh6 Bh7 25. g4 Qe7 26. Rd4 Re8 27. Re1 g5 28. Nf5 Bxf5 29. gxf5 Qd7 30. Rxe4 Qxf5 31. Qd3 Re5 32. Qc2 Rxe4 33. Rxe4 Qg6 34. Kb2 Rd6 35. Qe2 f5 36. Re8+ Rd8 37. Re6 Qg7+ 38. Kb1 g4 39. h4 f4 40. Qe4 g3 41. fxg3 fxg3 42. Qf5 Kb8 43. Rg6 Qe7 44. Qg5 Qe4+ 45. Kb2 Qd4+ 46. Ka3 Qc5+ 47. b4 Qf8 48. Qxg3 a5 49. c5 Qf1 50. Rg7 Qc1+ 51. Ka4 Qc2+ 52. Qb3 Qe4 53. Kxa5 Qe2 54. Rg6 b6+ 55. Rxb6+ cxb6+ 56. Kxb6 Qe5 57. d6 Qe4 58. b5 Rf8 59. Qg3 Qb7+ 60. Ka5 Qa8+ 61. Kb4 Qe4+ 1/2-1/2

[Event "Moscow6"]
[Site "Moscow"]
[Date "1991.??.??"]
[Round "?"]
[White "Zvjaginsev, Vadim"]
[Black "Muratov, Vladimir A"]
[Result "1-0"]
[WhiteElo "2400"]
[BlackElo "2415"]
[PlyCount "59"]
[EventDate "1991.??.??"]
[EventType "swiss"]
[EventRounds "9"]
[EventCountry "URS"]
[SourceTitle "TD"]
[Source "ChessBase"]
[SourceDate "1994.03.01"]
[SourceVersion "1"]
[SourceVersionDate "1994.03.01"]
[SourceQuality "1"]

1. e4 e6 2. d4 d5 3. e5 c5 4. c3 Nc6 5. Nf3 Qb6 6. a3 Bd7 7. b4 cxd4 8. cxd4 Rc8 9. Bb2 Nxb4 10. axb4 Qxb4+ 11. Qd2 Rc2 12. Ba3 Qb3 13. Qd3 Bb4+ 14. Nfd2 Qa4 15. Be2 Rc8 16. 0-0 Ne7 17. Nb3 a6 18. Qd1 Nf5 19. g4 Ne7 20. Nc5 Qxd1 21. Rxd1 Bxc5 22. Bxc5 Ng6 23. Nd2 Nxe5 24. Rdb1 Nc6 25. Rxb7 e5 26. Re1 Be6 27. Bxa6 Nxd4 28. Re7+ Kd8 29. Bxc8 Bxc8 30. R7xe5 1-0

[Event "Moscow2+"]
[Site "Moscow"]
[Date "1989.??.??"]
[Round "?"]
[White "Muratov, Vladimir A"]
[Black "Lepeshkin, Vladimir"]
[Result "1-0"]
[WhiteElo "2410"]
[BlackElo "2350"]
[PlyCount "81"]
[EventDate "1989.05.??"]
[EventType "tourn"]
[EventRounds "6"]
[EventCountry "URS"]
[SourceTitle "EXT 1997"]
[Source "ChessBase"]
[SourceDate "1996.11.15"]
[SourceVersion "1"]
[SourceVersionDate "1996.11.15"]
[SourceQuality "1"]

1. d4 d5 2. Nc3 c6 3. e4 dxe4 4. Nxe4 Nd7 5. Bg5 Ngf6 6. Nxf6+ gxf6 7. Be3 Nb6 8. c4 e5 9. dxe5 Bb4+ 10. Bd2 Qe7 11. Bxb4 Qxb4+ 12. Qd2 Qxd2+ 13. Kxd2 fxe5 14. Re1 Be6 15. b3 0-0-0+ 16. Kc3 Nd7 17. Nf3 f6 18. Bd3 a5 19. Bc2 Kc7 20. Nh4 Nc5 21. f4 Rd4 22. g3 Rhd8 23. fxe5 f5 24. Ng2 Ne4+ 25. Bxe4 fxe4 26. Nf4 Bf5 27. Rhf1 Kb8 28. e6 b5 29. e7 b4+ 30. Kc2 e3+ 31. Kc1 Re8 32. Ne2 Rd2 33. Rxf5 Rxe7 34. Kb1 Kb7 35. h4 Kb6 36. Nc1 Rg2 37. Rf3 e2 38. Kc2 a4 39. Kd2 axb3 40. axb3 Rd7+ 41. Nd3 1-0

[Event "URS-ch sf"]
[Site "Moscow"]
[Date "1988.??.??"]
[Round "8"]
[White "Baikov, Vladimir A"]
[Black "Muratov, Vladimir A"]
[Result "0-1"]
[WhiteElo "2375"]
[BlackElo "2215"]
[PlyCount "95"]
[EventDate "1988.??.??"]
[EventType "tourn"]
[EventRounds "15"]
[EventCountry "URS"]
[EventCategory "5"]
[SourceTitle "EXT 2003"]
[Source "ChessBase"]
[SourceDate "2002.11.25"]
[SourceVersion "1"]
[SourceVersionDate "2002.11.25"]
[SourceQuality "1"]

1. d4 Nf6 2. c4 g6 3. Nc3 Bg7 4. e4 d6 5. Nf3 0-0 6. Be2 e5 7. 0-0 Nc6 8. d5 Nb4 9. a3 Na6 10. Nd2 c5 11. Rb1 Ne8 12. b4 f5 13. Qc2 f4 14. bxc5 dxc5 15. Bb2 h5 16. Nd1 Nb8 17. Bc3 Nd6 18. Nb2 Nd7 19. Nd3 Qe7 20. a4 b6 21. Kh1 Ba6 22. Ba1 Rae8 23. Rbe1 Qf7 24. a5 g5 25. axb6 axb6 26. Qa4 g4 27. f3 Ra8 28. fxg4 Bxc4 29. Qc6 Bxd3 30. Bxd3 Qe7 31. Nc4 Nxc4 32. Bxc4 Kh7 33. gxh5 Nf6 34. Qxb6 Rfb8 35. Qc6 Rc8 36. Qe6 Qxe6 37. dxe6 Nxh5 38. Rd1 Kg6 39. Bb5 Rh8 40. Kg1 Kf6 41. g4 Kxe6 42. gxh5 Rxh5 43. Rf2 Bf6 44. Bc4+ Ke7 45. Rb2 Ra7 46. Rb6 Bh4 47. Re6+ Kf8 48. Bxe5 0-1

[Event "URS-ch otbor56"]
[Site "Blagoveshchensk"]
[Date "1988.??.??"]
[Round "?"]
[White "Karasev, Vladimir I"]
[Black "Muratov, Vladimir A"]
[Result "1-0"]
[WhiteElo "2330"]
[BlackElo "2215"]
[PlyCount "133"]
[EventDate "1988.08.??"]
[EventType "swiss"]
[EventRounds "9"]
[EventCountry "URS"]
[SourceTitle "TD"]
[Source "ChessBase"]
[SourceDate "1994.03.01"]
[SourceVersion "1"]
[SourceVersionDate "1994.03.01"]
[SourceQuality "1"]

1. e4 e6 2. b3 d5 3. Bb2 Nc6 4. exd5 exd5 5. Nf3 Nf6 6. Qe2+ Be7 7. Bxf6 gxf6 8. d4 Bg4 9. c3 Qd7 10. Qd1 0-0-0 11. Be2 Rhg8 12. Nbd2 Rde8 13. Kf1 Be6 14. Ne1 Bf8 15. b4 Bf5 16. Nb3 Nd8 17. Nc5 Bxc5 18. bxc5 Ne6 19. Qd2 Ng5 20. f3 h5 21. a4 h4 22. Qf4 h3 23. g4 Bh7 24. c6 Qxc6 25. Bb5 Qxc3 26. Rc1 Rxe1+ 27. Rxe1 Qxf3+ 28. Qxf3 Nxf3 29. Re8+ Rxe8 30. Bxe8 Ng5 31. Bb5 Be4 32. Rg1 c5 33. Be2 c4 34. Kf2 b6 35. Ke3 Kd7 36. Kd2 Bg2 37. Ra1 a6 38. Bd1 Kc6 39. Ke3 Ne6 40. Ra2 b5 41. axb5+ axb5 42. Rf2 b4 43. Rxf6 b3 44. Rxf7 b2 45. Ba4+ Kb6 46. Bc2 Be4 47. Kd2 Nxd4 48. Bxe4 dxe4 49. Rf1 e3+ 50. Kc3 e2 51. Rb1 Kc5 52. g5 Kd5 53. g6 Nf5 54. Re1 Ke5 55. Rxe2+ Kf6 56. Rxb2 Kxg6 57. Kxc4 Kg5 58. Kd3 Kf4 59. Rf2+ Kg4 60. Rf1 Nh4 61. Ke4 Ng2 62. Rf3 Ne1 63. Rg3+ Kh4 64. Kf4 Nc2 65. Ke5 Ne1 66. Kf5 Nc2 67. Rd3 1-0

[Event "URS-ch sf"]
[Site "Moscow"]
[Date "1988.??.??"]
[Round "3"]
[White "Kuzmin, Alexey"]
[Black "Muratov, Vladimir A"]
[Result "1/2-1/2"]
[WhiteElo "2415"]
[BlackElo "2215"]
[PlyCount "105"]
[EventDate "1988.??.??"]
[EventType "tourn"]
[EventRounds "15"]
[EventCountry "URS"]
[EventCategory "5"]
[SourceTitle "EXT 2003"]
[Source "ChessBase"]
[SourceDate "2002.11.25"]
[SourceVersion "1"]
[SourceVersionDate "2002.11.25"]
[SourceQuality "1"]

1. e4 e6 2. d4 d5 3. Nd2 dxe4 4. Nxe4 Qd5 5. Bd3 Nf6 6. Nxf6+ gxf6 7. Nf3 Nc6 8. c4 Qh5 9. Bd2 Bd7 10. Qe2 0-0-0 11. 0-0-0 Nb4 12. Bxb4 Bxb4 13. Kb1 Bc6 14. Be4 Bxe4+ 15. Qxe4 Qg6 16. Qxg6 hxg6 17. Kc2 c6 18. h3 Ba5 19. Rd3 Bb6 20. Rhd1 Rd7 21. Kc3 Rhd8 22. a3 Bc7 23. Kc2 Bf4 24. Kc3 Bh6 25. Kc2 Bg7 26. b3 Kc7 27. R3d2 Bh6 28. Rd3 Bf8 29. b4 Bh6 30. Kc3 b5 31. Ne1 Kb6 32. g3 Ra8 33. Nc2 f5 34. Kb3 Bf8 35. a4 bxc4+ 36. Kxc4 a5 37. Ra1 Rad8 38. bxa5+ Kxa5 39. Rad1 Be7 40. f3 g5 41. g4 f4 42. Na1 Rd5 43. Re1 c5 44. Nb3+ Kb6 45. dxc5+ Bxc5 46. Red1 Rxd3 47. Rxd3 Rxd3 48. Kxd3 Be3 49. Ke4 f6 50. Kd3 Ka6 51. Kc4 Kb6 52. Kd3 Ka6 53. Kc4 1/2-1/2

[Event "URS-ch sf"]
[Site "Moscow"]
[Date "1988.??.??"]
[Round "15"]
[White "Muratov, Vladimir A"]
[Black "Ageichenko, Genadi A"]
[Result "1-0"]
[WhiteElo "2215"]
[BlackElo "2385"]
[PlyCount "147"]
[EventDate "1988.??.??"]
[EventType "tourn"]
[EventRounds "15"]
[EventCountry "URS"]
[EventCategory "5"]
[SourceTitle "EXT 2003"]
[Source "ChessBase"]
[SourceDate "2002.11.25"]
[SourceVersion "1"]
[SourceVersionDate "2002.11.25"]
[SourceQuality "1"]

1. d4 Nf6 2. c4 e6 3. Nc3 d5 4. Bg5 Be7 5. Nf3 Ne4 6. Nxe4 dxe4 7. Bxe7 Qxe7 8. Nd2 f5 9. e3 0-0 10. Qb3 e5 11. d5 Nd7 12. Qc2 a5 13. 0-0-0 Nc5 14. Be2 Bd7 15. f4 exf4 16. exf4 Ba4 17. b3 Bd7 18. g3 Rf6 19. Qc3 Rb6 20. Qe5 Qd6 21. Kc2 a4 22. Ra1 Re8 23. Qxd6 cxd6 24. Rhb1 axb3+ 25. axb3 Na6 26. Kc3 Nb4 27. Nf1 e3 28. Re1 Na6 29. Bd3 Nc5 30. Ra3 Ra6 31. Rxa6 bxa6 32. Rxe3 Rb8 33. Bc2 a5 34. Re1 Kf7 35. Ra1 Nb7 36. Ne3 Kf6 37. Nd1 Re8 38. Kd2 Ke7 39. Nf2 Kd8 40. Nd3 Kc7 41. Bd1 Kb6 42. Bc2 Re7 43. Rb1 Nc5 44. b4 Ne4+ 45. Kc1 axb4 46. Rxb4+ Kc7 47. Rb3 Re8 48. Ra3 Rb8 49. Kd1 Rb7 50. Ke2 Kd8 51. Ke3 Ke7 52. Kd4 Rc7 53. Ra5 Nd2 54. c5 dxc5+ 55. Nxc5 Nf3+ 56. Kc4 Bc8 57. Bd1 Nxh2 58. Kd4 Kd6 59. Rb5 Ra7 60. Rb6+ Kc7 61. Rc6+ Kd8 62. d6 Ra2 63. Bb3 Rd2+ 64. Kc3 Nf1 65. Rb6 g6 66. Ne6+ Ke8 67. Ng5 h6 68. Nf7 Rg2 69. Ne5 Nxg3 70. Bd5 Rg1 71. Bc6+ Kf8 72. Rb8 Ne2+ 73. Kd2 Nxf4 74. d7 1-0

[Event "URS-ch sf"]
[Site "Moscow"]
[Date "1988.??.??"]
[Round "?"]
[White "Muratov, Vladimir A"]
[Black "Timoshenko, Georgy"]
[Result "0-1"]
[WhiteElo "2215"]
[BlackElo "2450"]
[PlyCount "86"]
[EventDate "1988.??.??"]
[EventType "tourn"]
[EventRounds "15"]
[EventCountry "URS"]
[EventCategory "5"]
[SourceTitle "EXT 2003"]
[Source "ChessBase"]
[SourceDate "2002.11.25"]
[SourceVersion "1"]
[SourceVersionDate "2002.11.25"]
[SourceQuality "1"]

1. e4 c5 2. Nf3 e6 3. Nc3 Nc6 4. d4 cxd4 5. Nxd4 Nf6 6. g3 d6 7. Bg2 Bd7 8. 0-0 a6 9. Nce2 Qc7 10. c4 Nxd4 11. Qxd4 Rc8 12. b3 Be7 13. Bb2 0-0 14. Nc3 Rfd8 15. Rfe1 Bc6 16. Rac1 Qa5 17. Nd5 Bxd5 18. exd5 e5 19. Qc3 Qxc3 20. Bxc3 Re8 21. Bh3 Rb8 22. Rcd1 b6 23. Re2 Kf8 24. Rde1 Ng8 25. Bd7 Red8 26. Bc6 f5 27. f4 exf4 28. gxf4 Bh4 29. Rd1 Nf6 30. Re6 Ne4 31. Bb4 Rbc8 32. Kg2 Kf7 33. Rd4 Nc5 34. Re3 Bf6 35. Rd2 Ne4 36. Rde2 Rc7 37. Be1 h6 38. Rh3 g5 39. Rxh6 gxf4 40. Rxe4 Rg8+ 41. Kf1 fxe4 42. Bb4 Bd4 43. Bxd6 Rg1+ 0-1

[Event "URS-ch otbor56"]
[Site "Blagoveshchensk"]
[Date "1988.??.??"]
[Round "?"]
[White "Piesina, Gintautas"]
[Black "Muratov, Vladimir A"]
[Result "1-0"]
[WhiteElo "2390"]
[BlackElo "2215"]
[PlyCount "87"]
[EventDate "1988.08.??"]
[EventType "swiss"]
[EventRounds "9"]
[EventCountry "URS"]
[SourceTitle "TD"]
[Source "ChessBase"]
[SourceDate "1994.03.01"]
[SourceVersion "1"]
[SourceVersionDate "1994.03.01"]
[SourceQuality "1"]

1. e4 e6 2. d4 d5 3. Nd2 Nc6 4. Ngf3 Nf6 5. e5 Nd7 6. Nb3 f6 7. Bb5 fxe5 8. dxe5 Be7 9. Nbd4 Ndb8 10. c3 0-0 11. h4 Nxd4 12. cxd4 Nc6 13. Bd3 Qe8 14. a3 Rxf3 15. gxf3 Nxd4 16. Bxh7+ Kxh7 17. Qxd4 Qh5 18. Rg1 Qxf3 19. Bg5 Bf8 20. Rd1 b6 21. Qd3+ Qxd3 22. Rxd3 Bd7 23. Rf3 Kg8 24. Bh6 Re8 25. Rxf8+ Kxf8 26. Rxg7 Bb5 27. a4 Ba6 28. Rxc7+ Kg8 29. Rxa7 Bc4 30. h5 Rc8 31. Bg5 Bd3 32. h6 Bf5 33. Bf6 Rc1+ 34. Kd2 Rh1 35. Bg5 Rh5 36. Rg7+ Kf8 37. b4 d4 38. a5 bxa5 39. bxa5 Rh2 40. a6 Rxf2+ 41. Kd1 Ra2 42. a7 Be4 43. Rd7 Rg2 44. h7 1-0

[Event "URS-ch49 Semifinal"]
[Site "Cheliabinsk"]
[Date "1981.07.??"]
[Round "?"]
[White "Muratov, Vladimir A"]
[Black "Agzamov, Georgy"]
[Result "1-0"]
[WhiteElo "2415"]
[BlackElo "2435"]
[PlyCount "67"]
[EventDate "1981.07.03"]
[EventType "tourn"]
[EventRounds "15"]
[EventCountry "URS"]
[SourceTitle "EXT 2002"]
[Source "ChessBase"]
[SourceDate "2001.11.25"]
[SourceVersion "1"]
[SourceVersionDate "2001.11.25"]
[SourceQuality "1"]

1. d4 Nf6 2. c4 e6 3. Nf3 b6 4. g3 Ba6 5. Qa4 c6 6. Nc3 b5 7. cxb5 cxb5 8. Nxb5 Qb6 9. Nc3 Bb4 10. Bd2 0-0 11. e3 Bxf1 12. Kxf1 Qb7 13. Ke2 Nc6 14. Rhc1 Rab8 15. a3 Bxc3 16. bxc3 Ne4 17. c4 f5 18. d5 exd5 19. cxd5 Ne7 20. d6 Nd5 21. Qd4 Qa6+ 22. Ke1 Ndf6 23. Bb4 Ng4 24. Rc7 Ngxf2 25. Ne5 Qb5 26. Nxd7 Nd3+ 27. Kd1 Ndf2+ 28. Kc1 Qf1+ 29. Kb2 Qe2+ 30. Rc2 Nd3+ 31. Kb3 Nd2+ 32. Rxd2 Qxd2 33. Nxb8 Rxb8 34. d7 1-0

[Event "URS-ch49 Semifinal"]
[Site "Cheliabinsk"]
[Date "1981.07.??"]
[Round "?"]
[White "Muratov, Vladimir A"]
[Black "Mochalov, Evgeny Veniaminovic"]
[Result "1/2-1/2"]
[WhiteElo "2415"]
[BlackElo "2430"]
[PlyCount "107"]
[EventDate "1981.07.03"]
[EventType "tourn"]
[EventRounds "15"]
[EventCountry "URS"]
[SourceTitle "EXT 2002"]
[Source "ChessBase"]
[SourceDate "2001.11.25"]
[SourceVersion "1"]
[SourceVersionDate "2001.11.25"]
[SourceQuality "1"]

1. d4 Nf6 2. Nc3 c5 3. d5 g6 4. e4 d6 5. f4 Bg7 6. Nf3 0-0 7. e5 Ne8 8. h3 Nd7 9. Qe2 Nb6 10. Be3 dxe5 11. fxe5 Nxd5 12. 0-0-0 Nxc3 13. Rxd8 Nxe2+ 14. Bxe2 b6 15. Bg5 Nc7 16. Bxe7 Rxd8 17. Bxd8 Nd5 18. Bg5 h6 19. Bd2 Be6 20. a3 Rd8 21. Rd1 Ne7 22. Re1 Nc6 23. Bc3 Kf8 24. b4 Ke7 25. b5 Nb8 26. Nd2 Bd5 27. Bf1 Nd7 28. a4 Nf8 29. a5 Kd7 30. Nc4 Kc7 31. Kb2 Nd7 32. axb6+ axb6 33. Ra1 Ra8 34. Rd1 Be6 35. Rd6 Nxe5 36. Kc1 Bxc4 37. Bxe5 Bxf1 38. Rc6+ Kb7 39. Rc7+ Kb8 40. Bh2 Ra1+ 41. Kd2 Bxg2 42. Rxf7+ Ka8 43. Rxg7 Be4 44. Bc7 Ra2 45. Bxb6 Rxc2+ 46. Ke3 Bf5 47. h4 Rc4 48. Bc7 Rxh4 49. Bd6 Rh3+ 50. Kf4 Rb3 51. Rg8+ Kb7 52. Rb8+ Ka7 53. b6+ Rxb6 54. Bxc5 1/2-1/2